000
00287nam a22001217a 4500
020
_a
NA
082
_2
22
_a
294.392
100
_a
C. T. Dorji.
245
_a
A compendium a chief kagyu masters /
260
_a
Delhi,
_b
Prominent Publishers,
_c
c2005.
300
_a
0
_b
ill. ;
942
_2
ddc
_c
GEN
999
_c
4173
_d
4173